| 000 | 01398cam a2200373 a 4500 | ||
|---|---|---|---|
| 003 | CHAP | ||
| 005 | 20220329142309.0 | ||
| 008 | 000523d1993 mx ab r 10100 spa d | ||
| 010 | _a81231 | ||
| 011 | _a82203 | ||
| 020 | _a96864992C2 | ||
| 035 | _a92691 | ||
| 040 | _cCHAP | ||
| 082 | 0 | 4 |
_a613.2060 _bC5 |
| 111 | 0 | 0 |
_aConferencia Internacional La Dieta como Factor de Riesgo de Enfermedades Crónicas no Transmisibles _d(1992 : _cMéxico, D.F.) _926518 |
| 245 | 1 | 3 |
_aLa alimentación y las enfermedades crónicas no transmisibles : _bmemorias _c/ed. por Miriam M. de Chávez (y otros) |
| 260 |
_aMéxico, D. F. : _bInstituto Nacional de la Nutrición, _c1993. |
||
| 300 |
_a414 p. : _bilus. ; gráfs. ; mapas |
||
| 590 |
_aBATCH-UPD _b10 _c20130110 _lUCH01 _h0503 |
||
| 590 |
_aBATCH-UPD _b10 _c20130110 _lUCH01 _h2349 |
||
| 590 |
_aBATCH-UPD _b10 _c20130410 _lUCH01 _h0141 |
||
| 590 |
_aBATCH-UPD _b10 _c20130410 _lUCH01 _h1636 |
||
| 590 |
_aBATCH-UPD _b10 _c20130914 _lUCH01 _h0255 |
||
| 590 |
_aBATCH-UPD _b10 _c20130914 _lUCH01 _h2012 |
||
| 590 |
_aCONVERSION _b10 _c20130109 _lUCH01 _h1345 |
||
| 650 | 1 | 4 |
_aAlimentación. _94109 |
| 650 | 1 | 4 |
_aNutrición _xCongresos. _982251 |
| 650 | 1 | 4 |
_aSalud. _9101807 |
| 700 | 0 |
_aChávez, Miriam M. de _eed. _922809 |
|
| 901 | _aBK | ||
| 905 | _aBlanca M. García O. | ||
| 942 | _cLIBRO | ||
| 949 |
_a613.2060 C5 _bBC _cLIBRO _d33724000781647 _eLIBRO _h98006 _i92691 _si |
||
| 999 |
_c81231 _d81231 |
||